| 000 | 01080nam a2200241 i 4500 | ||
|---|---|---|---|
| 001 | 162441 | ||
| 003 | ES-MaACL | ||
| 005 | 20250811063159.0 | ||
| 008 | 931025s1787 sp ax |||| | spa d | ||
| 040 |
_aCAM _bspa _cPAB |
||
| 100 | 1 |
_aPonz, Antonio, _d1725-1792 _993069 |
|
| 245 | 1 | 0 |
_aViage de España _b: en que se da noticia de las cosas mas apreciables ... / _csu autor D. Antonio Ponz ... ; tomo primero. |
| 250 | _aTercera edición corregida y aumentada. | ||
| 260 |
_aMadrid : _bpor la viuda de Ibarra hijos y compañía : _bse hallará ... en su imprenta, _c1787. |
||
| 300 |
_a[8], 408 p., [3] h. de grab., [1] h. de map. pleg., [4] h. de grab. pleg. ; _c16 cm. |
||
| 596 | _aMarca tip. en port. | ||
| 597 | _aSign.: a4, A-Z8, 2A-2B8, 2C4. | ||
| 599 | _aLas h. de grab., esculturas y monumentos de España, algunas pleg. | ||
| 599 | _aLa h. de map. pleg., Toledo. | ||
| 651 | 4 |
_aToledo (Provincia)- _xDescripción. _9169481 |
|
| 852 |
_aES-MaACL _jR-468-85 _z-- Enc. piel, no original de la época _x Olim: F-12859-76 |
||
| 999 |
_c162441 _d162441 |
||